BTS Songs Emoji Quiz - Statistiken

Allgemein
  • Dieses Quiz wurde 15 mal gespielt
  • Das Durchschnittsergebnis liegt bei 28 aus 38
Antwortstatistiken
Hint Antwort % Korrekt
🦋 Butterfly
100%
🔥 Fire
100%
🖤🦢 Black Swan
92%
🩸💦😢 Blood Sweat & Tears
92%
🧈 Butter
92%
☕️ Coffee
92%
🧬 DNA
92%
🧨 Dynamite
92%
🏠 HOME
92%
🫳🎤 Mic Drop
92%
🌙 Moon
92%
🌧️ Rain
92%
🏃 Run
92%
🏃🏃🏃🏃🏃🏃🏃 Run BTS
92%
🏊 SWIM
92%
🙏 Please
83%
🪽🪽 Wings
83%
🦸🇯🇵 Anpanman
75%
💙🩶 Blue & Grey
75%
⚠️ Danger
75%
☀️ Into the Sun
75%
🔊💣 Louder than bombs
75%
🏙️ Ma City
75%
🪄🛍️ Magic Shop
75%
❌😴💭 No More Dream
75%
🍁🍂 Autumn Leaves
67%
✅💃 Permission to Dance
67%
🥄 Silver Spoon
67%
🕛 Zero O’Clock
67%
❌❤️ Fake Love
58%
🐶🐼🐝 Like Animals
58%
💧 Tear
58%
💡💡💡 Lights
50%
🤰 MAMA
50%
🧍 Stay
33%
🧍🏅 Stay Gold
25%
🐀❌ Pied Piper
17%
👀🗣️ Your eyes tell
17%
Keine übereinstimmenden Quizze gefunden
Verteilung der Resultate
Anzahl Personen mit jedem Resultat
Perzentil nach korrekt beantworteten Fragen
Ihre Resultats-Entwicklung
Sie haben dieses Quiz noch nicht gespielt